| 000 | 00989nam a2200253 i 4500 | ||
|---|---|---|---|
| 001 | 182532 | ||
| 003 | ES-MaACL | ||
| 005 | 20251120063151.0 | ||
| 008 | 130912s2012 sp a | |||||||| | spa d | ||
| 020 | _a978-84-616-0640-5 | ||
| 080 | _a929 Poincaré, Henri(082.2) | ||
| 100 | 1 |
_aLanza, César, _d1955- _9153407 |
|
| 245 | 1 | 0 |
_a(Pequeño) homenaje a Poincaré (1854-1912), ingeniero politécnico y gloria de la ciencia / _cCésar Lanza ; [traducción, Beatriz Sáenz de la Calzada]. |
| 250 | _a1ª ed. | ||
| 260 |
_aMadrid : _bTecnova I&S, _c2012. |
||
| 300 |
_a134 p. : _bil. ; _c23 cm. |
||
| 546 | _aTexto en español; prefacio en español y traducción al francés. | ||
| 600 | 0 | 4 |
_aPoincaré, Henri. _992751 |
| 700 | 1 |
_aSáenz de la Calzada, Beatriz. _9153408 |
|
| 852 |
_aES-MaACL _jA-12923 _9189445 _bR.149722 _cDEPO1 _dOlim: N-5923 _xDonación: César Lanza |
||
| 903 |
_aLanza, César, _d1955- _ednr _9153407 |
||
| 942 |
_2udc _cMONOGRAFIA |
||
| 999 |
_c182532 _d182532 |
||